| 000 | 00663nam a2200181 a 4500 | ||
|---|---|---|---|
| 005 | 20140412111323.0 | ||
| 008 | 001113s19uu xx 00 eng d | ||
| 050 |
_aER _bFa11 1992 |
||
| 100 | _aHayashi, Nancy | ||
| 245 |
_aThe Fantastic stay-home-from school / _cNancy Hayashi. |
||
| 260 |
_aNew York : _bDutton Children's Book, _c1992. |
||
| 300 | _a106 p. ; ill. | ||
| 520 | _aBest Friends Leon and Eddie plan a fantastic day at home, but it backfires when Eddie gets sent to school, and separately they go from disaster to disaster. | ||
| 650 | _aHumorous -- Stories | ||
| 650 | _aFriendship -- Fiction | ||
| 650 | _aSchools -- Fiction | ||
| 999 |
_c104480 _d104480 |
||